Statistics for Four Letter Words Containing 'ng'

Click here to take the quiz!

General Stats

  • This quiz has been taken 65 times
  • The average score is 33 of 39

Answer Stats

Answer% Correct
••NGsing
100%
••NGring
98%
••NGlong
96%
••NGping
96%
••NGrang
95%
••NGbang
95%
••NGwing
95%
••NGding
95%
••NGking
95%
••NGfang
93%
••NGgong
93%
••NGhang
93%
••NGting
93%
••NGsong
93%
••NGtang
91%
••NGling
91%
••NGgang
91%
••NGbong
91%
••NGpong
91%
••NGrung
89%
••NGsang
89%
••NGlung
89%
••NGpang
89%
••NGtong
89%
••NGdong
89%
••NGhung
89%
••NGdang
88%
••NGsung
86%
••NGlang
86%
••NGzing
84%
••NGbung
84%
••NGpung
82%
••NGdung
82%
••NGtung
82%
••NGyang
80%
••NGhong
77%
••NGvang
68%
•NG•anga
25%
•NG•engs
16%

Score Distribution

Percentile by Number Answered

Percent of People with Each Score

Your Score History

You have not taken this quiz